书目信息 |
| 题名: |
油气地球化学定量分析技术
|
|
| 作者: | 蒋启贵 著 | |
| 分册: | ||
| 出版信息: | 北京 科学出版社 2014 |
|
| 页数: | 357页 | |
| 开本: | 26cm | |
| 丛书名: | 油气实验地质新理论新方法丛书 | |
| 单 册: | ||
| 中图分类: | P618.130.8 | |
| 科图分类: | ||
| 主题词: | 油气勘探--地球化学--定量分析 , 油气勘探 , 地球化学 , 定量分析 | |
| 电子资源: | ||
| ISBN: | 978-7-03-040675-0 | |
| 000 | 01157oam2 2200301 450 | |
| 001 | 012015000104 | |
| 005 | 20150914155249.84 | |
| 010 | @a978-7-03-040675-0@b精装@dCNY158.00 | |
| 100 | @a20140725d2014 em y0chiy50 ea | |
| 101 | 0 | @achi |
| 102 | @aCN@b110000 | |
| 105 | @aa z 000yy | |
| 106 | @ar | |
| 200 | 1 | @a油气地球化学定量分析技术@Ayou qi di qiu hua xue ding liang fen xi ji shu@f蒋启贵等著 |
| 210 | @a北京@c科学出版社@d2014 | |
| 215 | @a357页@c图@d26cm | |
| 225 | 1 | @a油气实验地质新理论新方法丛书 |
| 304 | @a著者还有:张志荣、秦建中、张美珍、张渠 | |
| 330 | @a本书介绍了“气态组分定量分析技术及其应用”、“轻烃定量分析技术及其应用”和“生物标志化合物及高分子量烃类化合物定量分析技术”,同时也介绍了“全二维色谱-飞行时间质谱分析技术及应用”、“生烃动力学分析(技术) 与应用”,最后对有机地球化学定量分析技术进行了展望。 | |
| 461 | 0 | @12001 @a油气实验地质新理论新方法丛书 |
| 606 | 0 | @a油气勘探@x地球化学@j定量分析 |
| 606 | 0 | @a油气勘探 |
| 606 | 0 | @a地球化学 |
| 606 | 0 | @a定量分析 |
| 690 | @aP618.130.8@v5 | |
| 701 | 0 | @a蒋启贵@Ajiang qi gui@f(1964~)@4著 |
| 801 | 0 | @aCN@b碧洲教育@c20150716 |
| 905 | @a10447@f2@dP618.130.8@e55 | |
| 油气地球化学定量分析技术/蒋启贵等著.-北京:科学出版社,2014 |
| 357页:图;26cm.-(油气实验地质新理论新方法丛书) |
| ISBN 978-7-03-040675-0(精装):CNY158.00 |
| 本书介绍了“气态组分定量分析技术及其应用”、“轻烃定量分析技术及其应用”和“生物标志化合物及高分子量烃类化合物定量分析技术”,同时也介绍了“全二维色谱-飞行时间质谱分析技术及应用”、“生烃动力学分析(技术) 与应用”,最后对有机地球化学定量分析技术进行了展望。 |
| ● |
| 相关链接 |
|
|
|
|
正题名:油气地球化学定量分析技术
索取号:P618.130.8/55
 
预约/预借
| 序号 | 登录号 | 条形码 | 馆藏地/架位号 | 状态 | 备注 |
| 1 | 0870595 | 208705953 | 第二样本阅览室/ [索取号:P618.130.8/55] | 在馆 | |
| 2 | 0870596 | 208705962 | 第三借阅区/ [索取号:P618.130.8/55] | 在馆 |